000 00517cam a22002171 4500
001 sa 63001840
003 DLC
005 20260227111930.0
008 890607s1962 ii 000 0 hino
010 _asa 63001840
035 _a(OCoLC)19830589
040 _aDLC
_cWaU
_dDLC
042 _apremarc
050 0 0 _aHB75
_b.M57
100 1 _aMittala, S. C.
245 1 0 _aĀrthika vicāroṃ kā itihāsa.
260 _c[1962]
300 _a608 p.
_c23 cm.
500 _aIn Hindi.
650 0 _aEconomics
_xHistory.
999 _c54186
_d54186